00402nam a2200121Ia 4500008004100000024004200041082002000083100004800103245004500151260002500196600002100221650003800242250506s9999 xx 000 0 und d a10B-001-BS, 10B-46-BS & 10B-47-BS a621.3892072 RAM aRamla Rizwan, Alina Baber & Mahira Shafique 0aE-Voting System Through Iris Recognition aKarachi:bUIT,c2010 aComputer Science aBachelor of Computer Science (BS)